| 000 | 00000nam##2200000za#4500 |
| 001 | 9.577303 |
| 003 | CaOODSP |
| 005 | 20210624185540 |
| 007 | cr ||||||||||| |
| 008 | 150406|1997||||xxc|||||o f|0| 0 eng|d |
| 040 | |aCaOODSP|beng |
| 043 | |an-cn--- |
| 086 | 1 |aFs97-13/1014E-PDF |
| 110 | 1 |aCanada. |bDepartment of Fisheries and Oceans. |
| 245 | 10|aEstimation of total incidental mortality (chinook, coho and steelhead) associated with seine fishing in Johnstone Strait, Sabine Channel and Juan de Fuca Strait from 1987 To 1990 / |h[electronic resource]|cby S.C. Di Novo, D.A. Nagtegaal and P.J. Ryall. |
| 260 | |aNanaimo - British Columbia : |bFisheries and Oceans Canada |c1997. |
| 300 | |a61p.|bfigs., references, tables |
| 490 | 1 |aCanadian data report of fisheries and aquatic sciences|vNo. 1014 |
| 500 | |aOn t.p.: Pacific Biological Station, Nanaimo, British Columbia. The catalogue number and ISSN for the print edition appear in the PDF version. |
| 546 | |a(Résumé en français) |
| 590 | |a13-21-Supp|b2013-09-16 |
| 720 | 1 |aNagtegaal, D. A. |
| 720 | 1 |aDi Novo, S. C. |
| 720 | 1 |aRyall, P. J. |
| 830 | #0|aCanadian data report of fisheries and aquatic sciences ;|vNo. 1014|w(CaOODSP)9.505124 |
| 856 | 40|ahttp://publications.gc.ca|qPDF|s6888 KB|uhttps://publications.gc.ca/collections/collection_2013/mpo-dfo/Fs97-13-1014-eng.pdf|yNo. 1014 |